Anatomi dan Fisiologi Untuk Jururawat
| Main Author: | |
|---|---|
| Format: | Book |
| Published: |
Kuala Lumpur :
Golden Books Centre ,
2001
|
| Subjects: |
MARC
| LEADER | 00000cam a2200000 7i4500 | ||
|---|---|---|---|
| 001 | 0000004056 | ||
| 005 | 20151102.0 | ||
| 020 | 0 | 0 | |a 9837204567 |
| 090 | 0 | 0 | |a 611 |b PEA 2001 |
| 100 | 1 | 0 | |a Pearce, Evelyn C. |
| 245 | 1 | 0 | |a Anatomi dan Fisiologi Untuk Jururawat |
| 260 | 0 | 0 | |a Kuala Lumpur : |b Golden Books Centre , |c 2001 |
| 300 | |a iii, 400 pages : |b ill. ; |c 21cm. | ||
| 650 | 0 | 0 | |a Human anatomy |
| 998 | |a JPSM | ||
| 999 | |a 007001 |b Monograph |c Open Shelf |e Default branch | ||